| 000 | 00616nam a2200205Ia 4500 | ||
|---|---|---|---|
| 005 | 20250508165119.0 | ||
| 008 | 008 250505s9999 xx 000 0 eng d | ||
| 037 | _aTextual | ||
| 040 |
_aFEDL _beng _cFEDL |
||
| 041 |
_aeng _2eng |
||
| 084 |
_a792, DES _qFEDL |
||
| 100 |
_aDeshpande Sudhanva Ed. _9779921 |
||
| 245 | 0 | _aOur stage: Pleasures and perils of theatre practice in India | |
| 260 |
_aNew Delhi, India _bTulika Books _c2009 |
||
| 300 | _a236 p. | ||
| 365 |
_aINR _b350 |
||
| 700 |
_a Akshara K V Ed. Iyengar Sameera Ed. _9779922 |
||
| 942 |
_cTEXL _h792, DES |
||
| 999 |
_c1393245 _d1393245 |
||